[Event "HUN-chT2 Breyer 2223"]
[Site "Hungary"]
[Date "2022.12.18"]
[Round "5.9"]
[White "Racz, Peter"]
[Black "Farkas, Otto Jr"]
[Result "0-1"]
[WhiteElo "1909"]
[BlackElo "1938"]
[PlyCount "96"]
[EventDate "2022.10.16"]
[EventType "team-tourn"]
[EventRounds "11"]
[EventCountry "HUN"]
[SourceTitle "EXT 2025"]
[Source "ChessBase"]
[SourceDate "2024.10.14"]
[SourceVersion "1"]
[SourceVersionDate "2024.10.14"]
[SourceQuality "1"]
[WhiteTeam "Barcza BEAC"]
[BlackTeam "Biatorbagy II"]
[WhiteTeamCountry "HUN"]
[BlackTeamCountry "HUN"]

1. Nf3 d5 2. d4 Nf6 3. g3 c6 4. Bg2 Bf5 5. 0-0 e6 6. Bf4 h6 7. Nbd2 Nbd7 8. c3 Be7 9. Ne5 0-0 10. Qb3 g5 11. Nxd7 Qxd7 12. Be3 Ng4 13. Nf3 Nxe3 14. fxe3 Kg7 15. Nd2 Bg6 16. e4 f5 17. e5 h5 18. Rf2 g4 19. e3 Bg5 20. c4 h4 21. Qc3 hxg3 22. hxg3 Rfc8 23. c5 Rh8 24. Nb3 b6 25. Kf1 Be8 26. Ke2 Qc7 27. Rff1 Bd7 28. Rh1 Raf8 29. Raf1 Bc8 30. Kf2 Ba6 31. Rxh8 Rxh8 32. Rh1 Rxh1 33. Bxh1 Kg6 34. Bg2 Bc4 35. cxb6 axb6 36. Nd2 Bb5 37. b4 Qa7 38. a3 Be7 39. Bf1 Ba4 40. Bd3 c5 41. Nb1 Bf8 42. bxc5 bxc5 43. Qb2 c4 44. Bf1 Bb3 45. Be2 Qh7 46. Bf1 Qh1 47. Bg2 Qd1 48. a4 Bb4 0-1

[Event "HUN-chT2 Breyer 2223"]
[Site "Hungary"]
[Date "2022.12.04"]
[Round "4.9"]
[White "Horvath, Csaba1"]
[Black "Racz, Peter"]
[Result "1/2-1/2"]
[WhiteElo "1752"]
[BlackElo "1909"]
[PlyCount "37"]
[EventDate "2022.10.16"]
[EventType "team-tourn"]
[EventRounds "11"]
[EventCountry "HUN"]
[SourceTitle "EXT 2025"]
[Source "ChessBase"]
[SourceDate "2024.10.14"]
[SourceVersion "1"]
[SourceVersionDate "2024.10.14"]
[SourceQuality "1"]
[WhiteTeam "Zsambek"]
[BlackTeam "Barcza BEAC"]
[WhiteTeamCountry "HUN"]
[BlackTeamCountry "HUN"]

1. d4 d5 2. c4 c6 3. cxd5 cxd5 4. Nc3 Nf6 5. Bf4 e6 6. e3 Nc6 7. Nf3 Bd6 8. Bxd6 Qxd6 9. Bb5 Bd7 10. 0-0 0-0 11. Rc1 a6 12. Bxc6 Bxc6 13. Ne5 Rac8 14. Nd3 Nd7 15. f4 f6 16. Qg4 e5 17. fxe5 fxe5 18. Qg3 Qe7 19. dxe5 1/2-1/2

[Event "Budapest-chT1 Lilienthal 1718"]
[Site "Budapest"]
[Date "2018.04.15"]
[Round "13"]
[White "Nadassy, Attila"]
[Black "Racz, Peter"]
[Result "1-0"]
[WhiteElo "1990"]
[BlackElo "1929"]
[PlyCount "79"]
[EventDate "2017.10.01"]
[EventType "team-tourn"]
[EventRounds "13"]
[EventCountry "HUN"]
[SourceTitle "EXT 2021"]
[Source "ChessBase"]
[SourceDate "2020.10.23"]
[SourceVersion "1"]
[SourceVersionDate "2020.10.23"]
[SourceQuality "1"]
[WhiteTeam "Penzugyor III"]
[BlackTeam "Barcza GSC"]
[WhiteTeamCountry "HUN"]
[BlackTeamCountry "HUN"]

1. Nf3 d5 2. b3 Nf6 3. e3 Bg4 4. Bb2 e6 5. h3 Bh5 6. g4 Bg6 7. d3 h6 8. Nbd2 c5 9. Ne5 Bh7 10. h4 Nc6 11. Nxc6 bxc6 12. g5 Nd7 13. gxh6 Rg8 14. hxg7 Bxg7 15. Qc1 Bf6 16. h5 Ne5 17. a4 Ng4 18. Nf3 Qa5+ 19. Ke2 Bc3 20. Ra2 c4 21. bxc4 dxc4 22. d4 Bd3+ 23. cxd3 cxd3+ 24. Kxd3 Nxf2+ 25. Ke2 Nxh1 26. Bxc3 Ng3+ 27. Ke1 Qd5 28. Rf2 Ne4 29. Rg2 Rxg2 30. Bxg2 Qxh5 31. Qb2 Qg4 32. Ba5 Qg3+ 33. Kf1 Rb8 34. Qe2 Rb1+ 35. Be1 Qg4 36. Kg1 Ng5 37. Kf1 Ne4 38. Qc2 Ng3+ 39. Kg1 Rc1 40. Qb2 1-0

[Event "Budapest-chT1 Lilienthal 1718"]
[Site "Budapest"]
[Date "2017.12.10"]
[Round "5"]
[White "Racz, Peter"]
[Black "Kertesz, Zsolt"]
[Result "1/2-1/2"]
[WhiteElo "1929"]
[BlackElo "2050"]
[PlyCount "98"]
[EventDate "2017.10.01"]
[EventType "team-tourn"]
[EventRounds "13"]
[EventCountry "HUN"]
[SourceTitle "EXT 2021"]
[Source "ChessBase"]
[SourceDate "2020.10.23"]
[SourceVersion "1"]
[SourceVersionDate "2020.10.23"]
[SourceQuality "1"]
[WhiteTeam "Barcza GSC"]
[BlackTeam "Fabulon"]
[WhiteTeamCountry "HUN"]
[BlackTeamCountry "HUN"]

1. Nf3 g6 2. d4 Bg7 3. e4 d6 4. Bd3 Nf6 5. 0-0 0-0 6. Bg5 Nbd7 7. Re1 e5 8. c3 c6 9. Nbd2 Qc7 10. Bc2 b6 11. dxe5 dxe5 12. Nc4 Ba6 13. Qd6 Qxd6 14. Nxd6 h6 15. Bh4 g5 16. Bg3 Nh5 17. Rad1 Rad8 18. Nf5 Rfe8 19. Rd6 g4 20. Nxg7 Nxg7 21. Nh4 Nc5 22. Red1 Rxd6 23. Rxd6 Re6 24. Rxe6 Ngxe6 25. Bxe5 Bd3 26. Bxd3 Nxd3 27. Bb8 Nxb2 28. Bxa7 Nc4 29. Nf5 h5 30. Ne7+ Kg7 31. Nxc6 Nc5 32. f3 Na4 33. Nb4 Nxc3 34. Nd5 Nxa2 35. Nxb6 Nd2 36. Kf2 Nb4 37. Nd5 Nc6 38. Be3 Nc4 39. f4 Nd6 40. e5 Nf5 41. Nf6 Kg6 42. Bc5 Nd8 43. Nd5 Ne6 44. Bd6 Ned4 45. Ne7+ Nxe7 46. Bxe7 Kf5 47. Ke3 Nc2+ 48. Kd2 Nd4 49. Ke3 Nc2+ 1/2-1/2

[Event "Budapest-chT1 Lilienthal 1314"]
[Site "Budapest"]
[Date "2013.10.13"]
[Round "2"]
[White "Strasser, Zsolt"]
[Black "Racz, Peter"]
[Result "1-0"]
[WhiteElo "1777"]
[BlackElo "1935"]
[PlyCount "59"]
[EventDate "2013.09.29"]
[EventType "team-tourn"]
[EventRounds "11"]
[EventCountry "HUN"]
[SourceTitle "EXT 2021"]
[Source "ChessBase"]
[SourceDate "2020.10.23"]
[SourceVersion "1"]
[SourceVersionDate "2020.10.23"]
[SourceQuality "1"]
[WhiteTeam "Budapest HUSI II"]
[BlackTeam "Barcza GSC"]
[WhiteTeamCountry "HUN"]
[BlackTeamCountry "HUN"]

1. e4 c5 2. Ne2 d6 3. d4 cxd4 4. Nxd4 Nf6 5. Nc3 Nc6 6. Be2 g6 7. f3 Bg7 8. Be3 0-0 9. Qd2 Bd7 10. g4 Rc8 11. 0-0-0 a6 12. h4 h5 13. gxh5 Nxh5 14. Nd5 Nxd4 15. Bxd4 Bxd4 16. Qxd4 Ng3 17. Rh2 Nxe2+ 18. Rxe2 Be6 19. Rg1 Bxd5 20. exd5 Qc7 21. h5 Qc4 22. Qxc4 Rxc4 23. Rxe7 Rd4 24. hxg6 Rxd5 25. gxf7+ Kh7 26. Rxb7 Rf5 27. Rb4 Rf6 28. Rh4+ Rh6 29. Rxh6+ Kxh6 30. Rd1 1-0

[Event "Budapest-chT1 Lilienthal 1112"]
[Site "Budapest"]
[Date "2012.03.04"]
[Round "9"]
[White "Racz, Peter"]
[Black "Katona, Gabor Zsolt"]
[Result "1-0"]
[WhiteElo "1999"]
[BlackElo "1905"]
[PlyCount "61"]
[EventDate "2011.10.02"]
[EventType "team-tourn"]
[EventRounds "11"]
[EventCountry "HUN"]
[SourceTitle "EXT 2020"]
[Source "ChessBase"]
[SourceDate "2019.10.17"]
[SourceVersion "1"]
[SourceVersionDate "2019.10.17"]
[SourceQuality "1"]
[WhiteTeam "Barcza GSC"]
[BlackTeam "Taban Spartacus II"]
[WhiteTeamCountry "HUN"]
[BlackTeamCountry "HUN"]

1. Nf3 d5 2. d4 Nf6 3. g3 e6 4. Bg2 c5 5. c3 Bd6 6. 0-0 0-0 7. Bg5 h6 8. Bxf6 Qxf6 9. e3 Nc6 10. Re1 cxd4 11. exd4 b6 12. c4 Bb7 13. cxd5 exd5 14. Nc3 Rfe8 15. Nxd5 Qf5 16. Ne3 Qf6 17. Ng4 Qf5 18. Rxe8+ Rxe8 19. Nh4 Qb5 20. Rc1 Nd8 21. Bxb7 Nxb7 22. Qc2 Qg5 23. Ne3 Bf8 24. Nhg2 Nd6 25. Qc6 Rc8 26. Qxc8 Nxc8 27. Rxc8 g6 28. Nf4 Kg7 29. Ned5 Bd6 30. h4 Qg4 31. Rg8+ 1-0

[Event "Budapest-chT1 Lilienthal 1011"]
[Site "Budapest"]
[Date "2011.01.23"]
[Round "7"]
[White "Gardo, Jozsef"]
[Black "Racz, Peter"]
[Result "0-1"]
[WhiteElo "1925"]
[BlackElo "2002"]
[PlyCount "54"]
[EventDate "2010.09.19"]
[EventType "team-tourn"]
[EventRounds "11"]
[EventCountry "HUN"]
[SourceTitle "EXT 2020"]
[Source "ChessBase"]
[SourceDate "2019.10.17"]
[SourceVersion "1"]
[SourceVersionDate "2019.10.17"]
[SourceQuality "1"]
[WhiteTeam "Fabulon"]
[BlackTeam "Barcza GSC"]
[WhiteTeamCountry "HUN"]
[BlackTeamCountry "HUN"]

1. e4 c5 2. Nf3 d6 3. d4 cxd4 4. Nxd4 Nc6 5. Nc3 Nf6 6. f3 g6 7. Be3 Bg7 8. Qd2 0-0 9. 0-0-0 Bd7 10. Kb1 a6 11. h4 h5 12. g4 hxg4 13. Nxc6 bxc6 14. h5 Nxh5 15. Bh6 Qa5 16. Bxg7 Kxg7 17. f4 f6 18. f5 Rh8 19. Qe2 Nf4 20. Qxg4 Rxh1 21. Qxf4 g5 22. Qe3 Rb8 23. Qf3 Rh4 24. Bc4 Qb4 25. Bb3 Rbh8 26. a3 Qc5 27. Ka2 Be8 0-1

[Event "Budapest-chT1 Lilienthal 1011"]
[Site "Budapest"]
[Date "2010.11.28"]
[Round "5"]
[White "Rinyu, Janos"]
[Black "Racz, Peter"]
[Result "1/2-1/2"]
[WhiteElo "2018"]
[BlackElo "2002"]
[PlyCount "25"]
[EventDate "2010.09.19"]
[EventType "team-tourn"]
[EventRounds "11"]
[EventCountry "HUN"]
[SourceTitle "EXT 2020"]
[Source "ChessBase"]
[SourceDate "2019.10.17"]
[SourceVersion "1"]
[SourceVersionDate "2019.10.17"]
[SourceQuality "1"]
[WhiteTeam "Budapest Ujpest KSE"]
[BlackTeam "Barcza GSC"]
[WhiteTeamCountry "HUN"]
[BlackTeamCountry "HUN"]

1. d4 Nf6 2. Bf4 d5 3. e3 g6 4. h3 Bg7 5. Nf3 Nbd7 6. Be2 0-0 7. 0-0 Re8 8. Ne5 Ne4 9. Nxd7 Bxd7 10. Nd2 e5 11. dxe5 Bxe5 12. Bxe5 Rxe5 13. Nf3 1/2-1/2

[Event "Budapest FS07 FM-B"]
[Site "Budapest"]
[Date "2008.07.09"]
[Round "5"]
[White "Nyland, Thomas"]
[Black "Racz, Peter"]
[Result "1-0"]
[WhiteElo "2107"]
[BlackElo "1952"]
[PlyCount "55"]
[EventDate "2008.07.05"]
[EventType "tourn"]
[EventRounds "10"]
[EventCountry "HUN"]
[SourceTitle "CBM 125 Extra"]
[Source "ChessBase"]
[SourceDate "2008.09.01"]
[SourceVersion "1"]
[SourceVersionDate "2008.09.01"]
[SourceQuality "1"]

1. d4 Nf6 2. c4 g6 3. Nc3 d5 4. cxd5 Nxd5 5. e4 Nxc3 6. bxc3 Bg7 7. Nf3 c5 8. Be3 0-0 9. Rc1 Qa5 10. Qd2 Bg4 11. d5 Nd7 12. c4 Qa3 13. Be2 Nb6 14. 0-0 Na4 15. Rb1 Qc3 16. Rxb7 Qxd2 17. Bxd2 Nb6 18. Rxe7 Nd7 19. Nd4 Bf6 20. Bxg4 Bxe7 21. Nc6 f5 22. Nxe7+ Kf7 23. Nxf5 gxf5 24. Bxf5 Ne5 25. Be6+ Ke8 26. Bh6 Rf6 27. Bg7 Rxe6 28. dxe6 1-0

[Event "Budapest FS07 FM-B"]
[Site "Budapest"]
[Date "2008.07.05"]
[Round "1"]
[White "Borda, Lajos"]
[Black "Racz, Peter"]
[Result "1-0"]
[WhiteElo "2199"]
[BlackElo "1952"]
[PlyCount "85"]
[EventDate "2008.07.05"]
[EventType "tourn"]
[EventRounds "10"]
[EventCountry "HUN"]
[SourceTitle "CBM 125 Extra"]
[Source "ChessBase"]
[SourceDate "2008.09.01"]
[SourceVersion "1"]
[SourceVersionDate "2008.09.01"]
[SourceQuality "1"]

1. d4 Nf6 2. c4 g6 3. Nc3 d5 4. cxd5 Nxd5 5. Bd2 Bg7 6. e3 0-0 7. Rc1 Be6 8. Ne4 Bf5 9. Ng3 Bd7 10. Nf3 Re8 11. Qb3 Nb6 12. Be2 Be6 13. Qc2 c6 14. 0-0 Bg4 15. Rfd1 N8d7 16. Ba5 Rc8 17. Ne4 Bf5 18. Bd3 Bxe4 19. Bxe4 Nf6 20. Bd3 Qd5 21. Bxb6 axb6 22. Ne5 e6 23. Nc4 Qd8 24. b4 Nd5 25. Qd2 Qe7 26. a3 b5 27. Ne5 Bxe5 28. dxe5 Ra8 29. e4 Nb6 30. Qe3 Ra6 31. Be2 Rea8 32. g3 Nc4 33. Bxc4 bxc4 34. Rxc4 Rxa3 35. Qd2 Ra1 36. Rxa1 Rxa1+ 37. Kg2 Rb1 38. Rd4 Kg7 39. h4 h5 40. Rd7 Qxb4 41. Qf4 Qf8 42. Qf6+ Kh6 43. Rxf7 1-0